Trên đất Điện Biên - Một doanh nhân chỉ biết đi tới /

Zapisane w:
Opis bibliograficzny
1. autor: Nguyễn Uyển.
Format: Artykuł
Język:Vietnamese
Hasła przedmiotowe:
Etykiety: Dodaj etykietę
Nie ma etykietki, Dołącz pierwszą etykiete!
Thư viện lưu trữ: Thư viện Trường Đại học Đà Lạt
LEADER 00797nam a2200277 4500
001 DLU110129082
005 ##20111213
040 # # |a DLU  |b vie 
041 # # |a vie 
044 # # |a vn 
100 # # |a Nguyễn Uyển. 
245 # # |a Trên đất Điện Biên - Một doanh nhân chỉ biết đi tới /  |c Nguyễn Uyển. 
653 # # |a Dự án phát triển 
653 # # |a Doanh nhân 
653 # # |a Phát triển kinh tế 
653 # # |a Phát triển nông thôn 
773 # # |t Nhà văn  |g Số 6, 2009, tr. 63-68 
920 # # |a Phòng Tạp chí -- Trung tâm Thông tin - Thư viện Trường Đại học Đà Lạt 
994 # # |a DLU 
900 # # |a True 
911 # # |a Nguyễn Thị Linh Chi 
925 # # |a G 
926 # # |a A 
927 # # |a BB 
980 # # |a Thư viện Trường Đại học Đà Lạt